<?xml version="1.0" encoding="UTF-8"?>
<marc:record xmlns:marc="http://www.loc.gov/MARC21/slim">
   <marc:leader>00000nam a2200000 a 4500</marc:leader>
   <marc:datafield ind1=" " ind2=" " tag="653">
      <marc:subfield code="a">DVD-Video</marc:subfield>
   </marc:datafield>
   <marc:datafield ind1=" " ind2=" " tag="653">
      <marc:subfield code="a">TV-Serien, Miniserien</marc:subfield>
   </marc:datafield>
   <marc:datafield ind1="0" ind2="0" tag="245">
      <marc:subfield code="a">Grand Hotel Staffel 5</marc:subfield>
   </marc:datafield>
   <marc:datafield ind1=" " ind2="1" tag="264">
      <marc:subfield code="b">Polyband/WVG</marc:subfield>
      <marc:subfield code="c">2015</marc:subfield>
   </marc:datafield>
   <marc:datafield ind1="1" ind2=" " tag="520">
      <marc:subfield code="a">Darsteller: Marta Larralde, Pedro Alonso, Megan Montaner, Yon González, Amaia Salamanca, Llorenç González, Concha Velasco, Adriana Ozores, Amaia Salamanca, 
Im großen Serienfinale geht es mörderisch spannend weiter! Werden nun alle Geheimnisse ans Licht kommen? - Alicia sagt sich von ihrer Mutter los. Andrés kommt vor Gericht. Diego entdeckt das verborgene Zimmer.
Episoden:
Disc 1:
01. Eine alte Freundin
02. Simoneta spendet Trost
03. Verwirrung nach Plan
04. Ein Zimmer für Marta Santos
Disc 2:
05. Wiederauferstanden
06. Unschuldslamm
07. Aufgeflogen
08. Das Blatt wendet sich
Disc 3:
09. Alicia hiner Gittern
10. Alfredo in Nöten
11. Belens Entscheidung
12. Phönix aus der Asche </marc:subfield>
   </marc:datafield>
   <marc:datafield ind1="3" ind2=" " tag="024">
      <marc:subfield code="a">4006448763633</marc:subfield>
   </marc:datafield>
</marc:record>
